000 00574nam a2200229Ia 4500
003 OSt
005 20220923230133.0
006 a|||||r|||| 00| 0
007 ta
008 Pun
024 _a277,681
037 _cTextual
040 _aARTS
_cARTS
_bPun
041 _2Pun
_aPun
082 _aO153,3NMO,AH, J9
100 _aਮਦਨ ਮੋਹਨ
245 0 _aਅਮੁੱਕ ਹੰਝੂ
260 _c1959
650 _aਪੰਜਾਬੀ ਸਾਹਿਤ
942 _hO153,3NMO,AH, J9
_cTEXL
_2CC
999 _c382733
_d382733